| Tag |
First Indicator |
Second Indicator |
Subfields |
| LEADER |
00000cam a2200000 a 4500 |
| 001 |
in00000084339 |
| 005 |
20151008061332.0 |
| 008 |
801114s1981 nyua b 00110 engm |
| 010 |
|
|
|a 80027138
|
| 020 |
|
|
|a 0231038860 :
|c $25.00 (est.)
|
| 035 |
|
|
|a (OCoLC)07170489
|
| 035 |
|
|
|9 AAJ7838AM
|
| 040 |
|
|
|a DLC
|c DLC
|d m.c.
|d OCL
|d TXA
|d UtOrBLW
|
| 049 |
|
|
|a TXAM
|c [388165]
|
| 050 |
0 |
0 |
|a HV2395
|b .L39
|
| 060 |
|
0 |
|a WV 270 L665e
|
| 082 |
0 |
|
|a 362.4/2/019
|2 19
|
| 100 |
1 |
|
|a Levine, Edna S.
|q (Edna Simon),
|d 1910-1992.
|
| 245 |
1 |
4 |
|a The ecology of early deafness :
|b guides to fashioning environments and psychological assessments /
|c Edna Simon Levine.
|
| 264 |
|
1 |
|a New York :
|b Columbia University Press,
|c 1981.
|
| 300 |
|
|
|a xv, 422 pages :
|b illustrations ;
|c 24 cm.
|
| 336 |
|
|
|a text
|b txt
|2 rdacontent
|
| 337 |
|
|
|a unmediated
|b n
|2 rdamedia
|
| 338 |
|
|
|a volume
|b nc
|2 rdacarrier
|
| 504 |
|
|
|a Includes bibliographies and index.
|
| 650 |
|
0 |
|a Deafness
|x Psychological aspects.
|
| 650 |
|
0 |
|a Human beings
|x Effect of environment on.
|
| 650 |
|
0 |
|a Human ecology.
|
| 650 |
|
0 |
|a Nature and nurture.
|
| 650 |
|
2 |
|a Deafness
|x psychology.
|
| 650 |
|
0 |
|a Adaptation (Biology)
|
| 999 |
|
|
|a MARS
|
| 999 |
f |
f |
|s ecf388b0-b7e4-3d56-a1eb-acb93b3d2e65
|i a0a5dfff-2496-3c81-9178-43d057e2a639
|t 0
|
| 952 |
f |
f |
|p ric
|a Texas A&M University
|b Rellis Campus
|c Joint Library Facility
|d Remote Storage
|t 0
|e HV2395 .L39
|h Library of Congress classification
|i unmediated -- volume
|m A14806146152
|
| 998 |
f |
f |
|a HV2395 .L39
|t 0
|l Remote Storage
|